Partie / (رقم التسجيلة. 154284)

تفاصيل مارك
000 -LEADER
fixed length control field 00917nam a2200301 i 4500
008 - FIXED-LENGTH DATA ELEMENTS--GENERAL INFORMATION
fixed length control field 761118s1976 fr 000 0 fre
010 ## - LIBRARY OF CONGRESS CONTROL NUMBER
LC control number 76484955
020 ## - INTERNATIONAL STANDARD BOOK NUMBER
International Standard Book Number 2721000519 :
Terms of availability 40.00F
040 ## - CATALOGING SOURCE
Original cataloging agency DLC
Transcribing agency DLC
Modifying agency DLC
050 00 - LIBRARY OF CONGRESS CALL NUMBER
Classification number PQ2663.I9
Item number P3
082 00 - DEWEY DECIMAL CLASSIFICATION NUMBER
Classification number 848/.9/1409
092 04 - LOCALLY ASSIGNED DEWEY CALL NUMBER (OCLC)
Classification number 848.91409
Item number C5829
Edition number 21
099 ## - LOCAL FREE-TEXT CALL NUMBER (OCLC)
Classification number 04
-- 848.91409 C5829
100 1# - MAIN ENTRY--PERSONAL NAME
Personal name Cixous, Helene,
Dates associated with a name 1937-
245 10 - TITLE STATEMENT
Title Partie /
Statement of responsibility, etc. Helene Cixous.
260 ## - PUBLICATION, DISTRIBUTION, ETC.
Place of publication, distribution, etc. Paris :
Name of publisher, distributor, etc. Editions des Femmes,
Date of publication, distribution, etc. [1976]
300 ## - PHYSICAL DESCRIPTION
Extent 66, 90 p. ;
Dimensions 17 x 25 cm.
500 ## - GENERAL NOTE
General note In 2 parts, bound together back-to-back.
600 10 - SUBJECT ADDED ENTRY--PERSONAL NAME
Personal name Cixous, Helene,
Dates associated with a name 1937-
650 #0 - SUBJECT ADDED ENTRY--TOPICAL TERM
Topical term or geographic name entry element French literature.
650 #0 - SUBJECT ADDED ENTRY--TOPICAL TERM
Topical term or geographic name entry element French literature
Chronological subdivision 20th century.
650 #0 - SUBJECT ADDED ENTRY--TOPICAL TERM
Topical term or geographic name entry element French literature
Chronological subdivision 20th century
General subdivision History and criticism.
902 ## - LOCAL DATA ELEMENT B, LDB (RLIN)
No. of Items 1
905 ## - LOCAL DATA ELEMENT E, LDE (RLIN)
Cataloger Ghada
Reviser Cat.
905 ## - LOCAL DATA ELEMENT E, LDE (RLIN)
Cataloger Jihan
Reviser Rev
942 ## - ADDED ENTRY ELEMENTS (KOHA)
Source of classification or shelving scheme Dewey Decimal Classification
Koha item type Books
المقتنيات
Source of classification or shelving scheme Not for loan Home library Current library Date acquired Full call number Barcode Date last seen Copy number Koha item type
Dewey Decimal Classification   المكتبة المركزبة الجديدة - جامعة القاهرة قاعة الثقاقات الاجنبية - الدور الثالث 11.02.2024 848.91409 C5829 Fre. 01000110204271000 05.07.2024 C.1 Books
Cairo University Libraries Portal Implemented & Customized by: Eng. M. Mohamady Contacts: new-lib@cl.cu.edu.eg | cnul@cl.cu.edu.eg
CUCL logo CNUL logo
© All rights reserved — Cairo University Libraries
CUCL logo
Implemented & Customized by: Eng. M. Mohamady Contact: new-lib@cl.cu.edu.eg © All rights reserved — New Central Library
CNUL logo
Implemented & Customized by: Eng. M. Mohamady Contact: cnul@cl.cu.edu.eg © All rights reserved — Cairo National University Library